Kadra reprezentacji Argentyny - MŚ 2006 - Statystyki

Ogólne statystyki
  • Ten quiz został rozwiązany 30 razy
  • Średni wynik to 7 z 24
Statystyki odpowiedzi
Nr Zawodnik Poz % Poprawnych
19 Lionel Messi NA
96%
11 Carlos Tévez NA
67%
8 Javier Mascherano PO
63%
5 Esteban Cambiasso PO
56%
6 Gabriel Heinze OB
52%
2 Roberto Ayala OB
52%
9 Hernán Crespo NA
37%
10 Juan Román Riquelme PO
37%
22 Luis Gonzalez PO
33%
18 Maximiliano Rodriguez PO
33%
1 Roberto Abbondanzieri BR
26%
7 Javier Saviola NA
22%
15 Gabriel Milito OB
19%
13 Lionel Scaloni OB
19%
3 Juan Pablo Sorín OB
15%
16 Pablo Aimar PO
15%
14 Rodrigo Palacio NA
15%
4 Fabricio Coloccini OB
11%
21 Nicolas Burdisso OB
11%
23 Oscar Ustari BR
11%
# José Néstor Pekerman Trener
4%
20 Julio Cruz NA
4%
17 Leandro Cufre OB
4%
12 Leo Franco BR
4%
Nie znaleziono quizów pasujących do podanych kryteriów
Rozkład punktacji
Procent ludzi z każdym wynikiem
Percentyl według liczby udzielonych odpowiedzi
Twoja historia wyników
Nie rozwiązałeś tego quizu